Inflation Expectations of Households and the Upgrading Channel

Skúmanie vzťahu medzi zvyšovaním spotreby a názormi domácností na infláciu. Zistenie, že poskytovanie informácií o cenách kvalitnejších produktov povedie k vyšším inflačným očakávaniam. Vzťah medzi výmenou produktu, rozmanitosťou produktov a očakávaniami inflácie.

Guardado en:
Detalles Bibliográficos
Autor principal: Agarwal, Sumit
Otros Autores: Chua, Yeow Hwee, Song, Changcheng
Formato: Capítulo de libro
Lenguaje:inglés
Materias:
Etiquetas: Agregar Etiqueta
Sin Etiquetas, Sea el primero en etiquetar este registro!

MARC

LEADER 00000naa a2200000 4500
001 0287190
005 20220809082258.6
041 0 |a eng 
044 |a NL 
245 1 0 |a Inflation Expectations of Households and the Upgrading Channel  |c Sumit Agarwal, Yeow Hwee Chua, Changcheng Song 
520 |a Skúmanie vzťahu medzi zvyšovaním spotreby a názormi domácností na infláciu. Zistenie, že poskytovanie informácií o cenách kvalitnejších produktov povedie k vyšším inflačným očakávaniam. Vzťah medzi výmenou produktu, rozmanitosťou produktov a očakávaniami inflácie. 
610 2 0 |a inflácia 
610 2 0 |a domácnosti 
610 2 0 |a spotreba 
610 2 0 |a produkty 
610 2 0 |a prieskum 
100 1 |a Agarwal, Sumit 
700 1 |a Chua, Yeow Hwee 
700 1 |a Song, Changcheng